000 00404nam a2200157Ia 4500
005 20240823065844.0
008 240823s9999||||xx |||||||||||||| ||und||
041 _aENGLISH
082 _A621.3132 Q6
100 _a"Ben John Stephen,S"
245 0 _aImproved Control Strategy on Buck-Boost Converter Fed DC Motor
260 _c2016
500 _aYES
650 _aDC motor
_bElectrical
942 _cTH
999 _c244356
_d244356